[Event "Wakefield 4NCL op-B 14th"]
[Site "Wokefield"]
[Date "2017.07.16"]
[Round "5"]
[White "Woodward, Tim F"]
[Black "Tello, Yasser"]
[Result "1-0"]
[WhiteElo "1901"]
[BlackElo "1922"]
[PlyCount "73"]
[EventDate "2017.07.14"]
[EventType "swiss"]
[EventRounds "5"]
[EventCountry "ENG"]
[SourceTitle "EXT 2018"]
[Source "ChessBase"]
[SourceDate "2017.10.13"]
[SourceVersion "1"]
[SourceVersionDate "2017.10.13"]
[SourceQuality "1"]

1. e4 e6 2. d4 d5 3. e5 c5 4. c3 Nc6 5. Nf3 Bd7 6. Be2 Nge7 7. Na3 Nf5 8. Nc2 Rc8 9. 0-0 Be7 10. a3 cxd4 11. cxd4 Na5 12. Ne3 Nxe3 13. Bxe3 Nc4 14. Bc1 b5 15. b3 Nb6 16. Bb2 Bg5 17. Nxg5 Qxg5 18. f4 Qe7 19. Bd3 f5 20. exf6 Qxf6 21. Qe2 a6 22. Rae1 0-0 23. Kh1 Rc7 24. Rf3 Nc8 25. g4 Nd6 26. g5 Qd8 27. Rh3 g6 28. Rxh7 Ne4 29. Rh6 Qe8 30. Qf1 Bc6 31. Bxe4 dxe4 32. Qh3 e3+ 33. Kg1 Qb8 34. Rh8+ Kf7 35. Qh7+ Ke8 36. Rxf8+ Kxf8 37. Qh8+ 1-0

[Event "BCF-ch Week1 PM op"]
[Site "Bournemouth"]
[Date "2016.07.26"]
[Round "2"]
[White "Woodward, Tim F"]
[Black "Easwar, Dhruv"]
[Result "1/2-1/2"]
[WhiteElo "2008"]
[BlackElo "1357"]
[PlyCount "56"]
[EventDate "2016.07.25"]
[EventType "swiss"]
[EventRounds "5"]
[EventCountry "ENG"]
[SourceTitle "CBM 173 Extra"]
[Source "ChessBase"]
[SourceDate "2016.08.29"]
[SourceVersion "1"]
[SourceVersionDate "2016.08.29"]
[SourceQuality "1"]

1. e4 e5 2. Nf3 Nc6 3. Bc4 Bc5 4. c3 Nf6 5. d4 exd4 6. 0-0 d6 7. cxd4 Bb6 8. Nc3 h6 9. h3 0-0 10. a3 Ne7 11. Bf4 d5 12. exd5 Nexd5 13. Bg3 Ne7 14. Be5 Ng6 15. Qb3 Qe7 16. Rfe1 Be6 17. d5 Bf5 18. Rad1 Rad8 19. d6 cxd6 20. Bxd6 Rxd6 21. Rxe7 Rxd1+ 22. Qxd1 Nxe7 23. Qb3 Nc6 24. Nd5 Nxd5 25. Bxd5 Na5 26. Qa2 Nc6 27. Qc4 Na5 28. Qa2 Nc6 1/2-1/2

[Event "BCF-ch Seniors"]
[Site "Aberystwyth"]
[Date "2014.07.31"]
[Round "6"]
[White "Jackson, Oliver A"]
[Black "Woodward, Tim F"]
[Result "1-0"]
[WhiteElo "2133"]
[BlackElo "1874"]
[PlyCount "53"]
[EventDate "2014.07.26"]
[EventType "swiss"]
[EventRounds "7"]
[EventCountry "WLS"]
[SourceTitle "EXT 2017"]
[Source "ChessBase"]
[SourceDate "2016.10.25"]
[SourceVersion "1"]
[SourceVersionDate "2016.10.25"]
[SourceQuality "1"]

1. e4 e5 2. f4 Bc5 3. Nf3 d6 4. Nc3 Nc6 5. Bb5 Bd7 6. Na4 Bb6 7. Nxb6 axb6 8. 0-0 Nf6 9. d3 exf4 10. Bxf4 h6 11. Qd2 Ne7 12. Nd4 Bxb5 13. Nxb5 Qd7 14. c4 Ng6 15. Bg3 Nh5 16. Be1 0-0 17. Rf5 Nf6 18. Rxf6 gxf6 19. Qxh6 Qg4 20. Nxc7 Nf4 21. Bg3 Rxa2 22. Rf1 Ne2+ 23. Kh1 Nxg3+ 24. hxg3 Qg7 25. Qf4 Rxb2 26. Nd5 Qg5 27. Nxf6+ 1-0